000 00805cam a2200265 a 4500
001 22125
003 BD-RjUL
005 20211209000753.0
008 140306r19651964ii 001 0 eng
035 _a(BD-RjUL)22190
035 _a(OCoLC)11732347
040 _aDLC
_cNcWsW
_dBD-RjUL
_beng
041 _aeng
082 0 0 _a891.45
_bBAH 1965
100 1 _aBarua, Birinchi Kumar,
_d1910-1964.
_968313
245 1 0 _aHistory of Assamese literature /
_cby Birinchi Kumar Barua.
260 _aNew Delhi :
_bSahitya Akademi,
_cc1964 [Reprinted 1965].
300 _avi, 203 p. ;
_c22 cm.
504 _aIncludes index.
650 0 _aAssamese literature
_xHistory and criticism.
_968315
942 _2ddc
_cBK
999 _c22125
_d22125